000 00815nab a2200241 u 4500
001 17384
003 HDC
007 cr bn ---aaaaa
008 210224c |r|noo 0 a d
040 _aHDC
245 0 _aTaiwan keen on eco-investments, developing halal, tourism sector with Brunei
260 _aBrunei :
_bBrunei Times PLC,
_c2011
336 _atext
_2rdacontent
337 _acomputer
_2rdamedia
338 _aonline resource
_2rdacarrier
650 _aHalal food industry
_zBrunei
_91589
650 _aTourism industry
_92298
710 _aThe Brunei Times
856 _zRequest full-text at [email protected]
942 _2lcc
942 _cNEWS
942 _kNWSO 009349
999 _c14700
_d14700